000 00458nmm a2200157Ia 4500
008 251105s9999||||xx |||||||||||||||||und||
020 _a9788431532956
041 _aspa
100 _aPalomba, Patty
245 0 _aSudoku - 80 tableros
264 _a[Madrid, España] :
_bDe Vecchi,
_c[Fecha de publicación no identificada]
300 _a0 páginas
650 _aTravel & Sports
856 _uhttps://public.digitaliapublishing.com/a/121899
942 _cCF
999 _c81329
_d81329